Normal view
MARC view
- Muhammad,
Entry Personal Name
001 - CONTROL NUMBER
- control field: 87717
003 - CONTROL NUMBER IDENTIFIER
- control field: TR-AnTOB
005 - DATE AND TIME OF LATEST TRANSACTION
- control field: 20190408220511.0
008 - FIXED-LENGTH DATA ELEMENTS
- fixed length control field: 130611|| aza||aabn | a|a d
024 ## - OTHER STANDARD IDENTIFIER
- Source of number or code: uri
- Standard number or code: http://koha.etu.edu.tr/cgi-bin/koha/opac-authoritiesdetail.pl?authid=87717
035 ## - SYSTEM CONTROL NUMBER
- System control number: (TR-AnTOB)87717
040 ## - CATALOGING SOURCE
- Original cataloging agency: SULEY
- Language of cataloging: eng
- Description conventions: rda
- Transcribing agency: SULEY
- Modifying agency: TR-AnTOB
100 0# - HEADING--PERSONAL NAME
- Personal name: Muhammad,
- Titles and other words associated with a name: Prophet,
- Dates associated with a name: -632
- General subdivision: Ethics
400 0# - SEE FROM TRACING--PERSONAL NAME
- Personal name: Muhammed,
- Titles and other words associated with a name: Peygamber,
- Dates associated with a name: -632
- General subdivision: Etik
400 0# - SEE FROM TRACING--PERSONAL NAME
- Personal name: Muhammed,
- Titles and other words associated with a name: Peygamber,
- Dates associated with a name: -632
- General subdivision: Ahlak
400 0# - SEE FROM TRACING--PERSONAL NAME
- Personal name: Hz. Muhammed,
- Dates associated with a name: -632
- General subdivision: Etik
400 0# - SEE FROM TRACING--PERSONAL NAME
- Personal name: Hz. Muhammed,
- Dates associated with a name: -632
- General subdivision: Ahlak
400 0# - SEE FROM TRACING--PERSONAL NAME
- Personal name: Hazreti Muhammed,
- Dates associated with a name: -632
- General subdivision: Etik
400 0# - SEE FROM TRACING--PERSONAL NAME
- Personal name: Hazreti Muhammed,
- Dates associated with a name: -632
- General subdivision: Ahlak
688 ## - APPLICATION HISTORY NOTE
- Application history note: op 13.02.2019
700 ## - ESTABLISHED HEADING LINKING ENTRY--PERSONAL NAME
- Authority record control number or standard number: (TR-AnTOB)87719
- Source of heading or term: etuturkob
- Personal name: Muhammed,
- Titles and other words associated with a name: Peygamber,
- Dates associated with a name: -632
- General subdivision: Etik



